| 000 | 01520nam a2200397Ia 4500 | ||
|---|---|---|---|
| 001 | DIGCIDOB117 | ||
| 003 | NyNyDIG | ||
| 006 | m o d | ||
| 007 | cr ||||||||||| | ||
| 008 | 150101s2005 sp ob 000 0 spa d | ||
| 035 | _a(OCoLC)1335126034 | ||
| 040 |
_aDGITA _beng _erda _epn _cDGITA |
||
| 043 | _ae-sp--- | ||
| 050 | 1 | 4 | _aDP302.C616 |
| 050 | 1 | 4 | _aHN590.C37 |
| 100 | 1 |
_aParadell, Lluís, _eauthor. |
|
| 245 | 1 | 0 |
_aInmigración y seguridad : _buna visión desde la policía / Lluís Paradell, Rosa Negre, Teresa Carrasco. |
| 264 | 1 |
_aBarcelona : _bFundació CIDOB, Barcelona Centre for International Affairs, _c2005. |
|
| 300 | _a1 online resource (31 pages) | ||
| 336 |
_atext _btxt _2rdacontent |
||
| 337 |
_acomputer _bc _2rdamedia |
||
| 338 |
_aonline resource _bcr _2rdacarrier |
||
| 490 | 1 |
_aDocumentos CIDOB. _aMigraciones ; _v4 |
|
| 588 | _aDescription based on online resource; title from PDF title page (Digitalia, viewed December 5, 2014) | ||
| 650 | 0 |
_aEmigration and immigration _zCatalonia (Spain) |
|
| 651 | 0 |
_aCatalonia (Spain) _xEmigration and immigration |
|
| 655 | 7 |
_aPeriodicals. _2lcgft |
|
| 700 | 1 |
_aNegre, Rosa, _eauthor. |
|
| 700 | 1 |
_aCarrasco, Teresa, _eauthor. |
|
| 710 | 2 | _aCIDOB (Center) | |
| 793 | 0 |
_gDigitalia e-journal Collection: _aCIDOB, Barcelona |
|
| 791 | 2 |
_aDigitalia (Firm), _edistributor. |
|
| 830 | 0 |
_aDocumentos CIDOB. _pMigraciones, _x1697-7734; _v4. |
|
| 856 | 4 | 0 |
_3Digitalia Hispánica _uhttps://www.digitaliapublishing.com/a/23898/ |
| 942 | _cRAA | ||
| 999 |
_c238033 _d238033 |
||